000 00288nam a22001097a 4500
008 160518b xxu||||| |||| 00| 0 eng d
020 _a0394510151
041 _aeng
080 _a61
245 _aThe american medical assocation family medical guide:
_cJeffrey R.M.Kunz MD;
942 _2udc
_cBK
999 _c2187
_d2187